00424nam a2200133Ia 45000010005000000080041000050820022000461000087000682450061001552600024002165900007002409010028002479990015002752081241024s9999 xx 000 0 und d aRD/370/R426a/2012 aRepública Dominicana. Ministerio de Educación. Consejo Nacional de Educación 0aAgenda 2012, Actores del presente, forjadores del futuro bSanto Domingoc2011 asi a16/1/2012 10:04:33 a.m. c8942d8942